000 00671cam a2200217 a 4500
008
020 _a0935702601
049 _aMAIN
090 _aT11
100 1 _aYoung, Matt
245 1 4 _aThe technical writer's handbook :
_bwriting with style and clarity /
_cMatt Young.
260 _aMill Valley, Calif. :
_bUniversity Science Books,
_cc1989.
300 _axi, 232 p. ;
_c22 cm.
504 _aIncludes bibliographical references.
650 0 _aTechnical writing
_xHandbooks, manuals, etc.
907 _a.b10016375
_b21-09-05
_c17-04-03
003
005 20230123134036.0
040 _cNUST
942 _cBOOKS
_kT11
999 _c159021
_d159021